000 00557nam a22002057a 4500
003 BUBTL
008 201104b xxu||||| |||| 00| 0 eng d
020 _a978-0-12-374164-6
082 _a629.045/RUM
100 _aRuskeepaa, Heikki
_93698
245 _aMathematica Navigator
_bHeikki Ruskeepaa
250 _a3rd
260 _aIndia
_bElsevier
_cc2009
300 _a[xxii] , 1111p . :
_bill . ; 24cm.
500 _aIncludes Index
650 _aMathematics
_93699
856 _k0
_l0
_yDownload
942 _2ddc
_cBK
999 _c6407
_d6407